North American Countries - Statistics

General Stats
  • This quiz has been taken 140 times
  • The average score is 19 of 23
Answer Stats
Population Answer % Correct
118 m Mexico
100%
316 m United States
100%
35 m Canada
98%
3 m Panama
95%
11 m Cuba
94%
10 m Haiti
93%
71 k Dominica
90%
2 m Jamaica
87%
368 k Bahamas
85%
9 m Dominican Republic
84%
6.6 m El Salvador
84%
15 m Guatemala
84%
8 m Honduras
84%
4 m Costa Rica
83%
6.2 m Nicaragua
83%
340 k Belize
82%
276 k Barbados
79%
1 m Trinidad and Tobago
79%
55 k St. Kitts and Nevis
78%
170 k St. Lucia
70%
97 k St. Vincent and the Grenadines
68%
88 k Antigua and Barbuda
67%
103 k Grenada
63%
No matching quizzes found
Score Distribution
Percent of People with Each Score
Percentile by Number Answered
Your Score History
You have not taken this quiz